The Art of War (Record no. 332491)
[ view plain ]
| 000 -LEADER | |
|---|---|
| fixed length control field | nam a22 7a 4500 |
| 003 - CONTROL NUMBER IDENTIFIER | |
| control field | NUST |
| 005 - DATE AND TIME OF LATEST TRANSACTION | |
| control field | 20171208145535.0 |
| 008 - FIXED-LENGTH DATA ELEMENTS--GENERAL INFORMATION | |
| fixed length control field | 171208b xxu||||| |||| 00| 0 eng d |
| 020 ## - INTERNATIONAL STANDARD BOOK NUMBER | |
| International Standard Book Number | 13: 978-1599869773 |
| Terms of availability | Available |
| 040 ## - CATALOGING SOURCE | |
| Original cataloging agency | DLC |
| Language of cataloging | DLC |
| Transcribing agency | RCMS |
| 082 ## - DEWEY DECIMAL CLASSIFICATION NUMBER | |
| Classification number | 909.82 TZU |
| 100 ## - MAIN ENTRY--PERSONAL NAME | |
| Personal name | Sun Tzu |
| 9 (RLIN) | 7096 |
| 245 ## - TITLE STATEMENT | |
| Title | The Art of War |
| Statement of responsibility, etc. | Tzu Sun |
| 260 ## - PUBLICATION, DISTRIBUTION, ETC. | |
| Name of publisher, distributor, etc. | Filiquarian Publishing LLC |
| Date of publication, distribution, etc. | c,2006. |
| 300 ## - PHYSICAL DESCRIPTION | |
| Extent | 50,p: |
| Other physical details | ill: |
| Dimensions | 24,cm. |
| 538 ## - SYSTEM DETAILS NOTE | |
| Display text | New Arrivals Shelf # 1 Row No#2 |
| 600 ## - SUBJECT ADDED ENTRY--PERSONAL NAME | |
| General subdivision | Play |
| 9 (RLIN) | 7097 |
| 856 ## - ELECTRONIC LOCATION AND ACCESS | |
| Materials specified | Table of contents only |
| Uniform Resource Identifier | <a href="http://www.loc.gov/catdir/toc/ecip0716/2007017469.html">http://www.loc.gov/catdir/toc/ecip0716/2007017469.html</a> |
| 942 ## - ADDED ENTRY ELEMENTS (KOHA) | |
| Source of classification or shelving scheme | |
| Koha item type | Book |
| Withdrawn status | Lost status | Source of classification or shelving scheme | Damaged status | Not for loan | Collection code | Permanent Location | Current Location | Date acquired | Total Checkouts | Full call number | Barcode | Date last seen | Price effective from | Koha item type |
|---|---|---|---|---|---|---|---|---|---|---|---|---|---|---|
| School of Interdisciplinary Engineering and Sciences (SINES) | School of Interdisciplinary Engineering and Sciences (SINES) | 12/08/2017 | 909.82 TZU | RCMS002592 | 12/08/2017 | 12/08/2017 | Book |
